| 000 | 00411nam a22001697a 4500 | ||
|---|---|---|---|
| 003 | MACL | ||
| 005 | 20160730133132.0 | ||
| 008 | 160730b xxu||||| |||| 00| 0 eng d | ||
| 040 | _cMACL | ||
| 041 | _aEnglish | ||
| 082 | _a590 ALL | ||
| 100 |
_aAllen, Hugh _965792 |
||
| 245 |
_aThe Lonely Tiger _cHugh Allen |
||
| 260 |
_aNew Delhi _bRainlight Rupa _c2015 |
||
| 650 |
_aZoology _965793 |
||
| 942 |
_2ddc _cBK |
||
| 999 |
_c55338 _d55338 |
||